<?xml version="1.0" encoding="UTF-8"?>
<record
    xmlns:xsi="http://www.w3.org/2001/XMLSchema-instance"
    xsi:schemaLocation="http://www.loc.gov/MARC21/slim http://www.loc.gov/standards/marcxml/schema/MARC21slim.xsd"
    xmlns="http://www.loc.gov/MARC21/slim">

  <leader>02237    a2200205   4500</leader>
  <controlfield tag="001">26349</controlfield>
  <controlfield tag="005">20260407155543.0</controlfield>
  <controlfield tag="008">260407a1979    arg                 spa d</controlfield>
  <controlfield tag="003">AR-UNSa-BCEJYS</controlfield>
  <datafield tag="040" ind1=" " ind2=" ">
    <subfield code="a">AR-UNSa-BCEJYS</subfield>
    <subfield code="b">spa</subfield>
    <subfield code="c">AR-UNSa-BCEJYS</subfield>
  </datafield>
  <datafield tag="080" ind1=" " ind2=" ">
    <subfield code="a">657.47</subfield>
    <subfield code="x">Contabilidad de Costos</subfield>
  </datafield>
  <datafield tag="245" ind1="1" ind2="0">
    <subfield code="a">Costos</subfield>
  </datafield>
  <datafield tag="264" ind1=" " ind2="1">
    <subfield code="a">Buenos Aires :</subfield>
    <subfield code="b">Ediciones Contabilidad Moderna</subfield>
    <subfield code="c">1979</subfield>
  </datafield>
  <datafield tag="300" ind1=" " ind2=" ">
    <subfield code="a">862 p.</subfield>
    <subfield code="c">23 cm.</subfield>
  </datafield>
  <datafield tag="505" ind1=" " ind2=" ">
    <subfield code="a">1. Los diversos fines de la informaci&#xF3;n contable - 2. Distintos conceptos de costo - 3. Conversi&#xF3;n de los costos en gastos - 4. Costo de adquisici&#xF3;n para informaci&#xF3;n gerencial 5. Costo de adquisici&#xF3;n para fines impositivos y de los estados contables de publicaci&#xF3;n - 6. A los efectos de la contabilidad gerencial - 7. A los efectos de los estados contables de publicaci&#xF3;n - 8. A los efectos impositivos - 9. Contabilizaci&#xF3;n de las operaciones con bienes de cambio - 10. Definici&#xF3;n de precio de compra. Distintos casos - 11. Tratamiento de los bienes de uso a los efectos impositivos y de los estados contables de publicaci&#xF3;n - 12. Tratamiento de los bienes de uso - 13. Los insumos de la producci&#xF3;n fabril - 14. Las materias primas directas - 15. El trabajo directo - 16. Insumos variables diversos - 17. Costos indirectos - 18. Ejemplo pr&#xE1;ctico de contabilizaci&#xF3;n y c&#xE1;lculo de costos fabriles - 19. Costos conjuntos y procesos alternativos - 20. Cuadros de resultados de distintas estructuras empresarias - 21. La informaci&#xF3;n contable gerencial en la toma de decisiones - 22. Modelos decisionales, empresa simple, producto y canal de distribuci&#xF3;n &#xFA;nicos - 23. Modelos decisionales, empresa con producto &#xFA;nico y canales de distribuci&#xF3;n m&#xFA;ltiples - 24. Modelos decisionales, empresa con varios productos, planta fabril y canal de distribuci&#xF3;n &#xFA;nicos - 25. Modelos decisionales, empresas diversificadas y descentralizadas - 26. Administraci&#xF3;n racional de inventarios - 27. Costo de grandes obras - 28. Costos de industrias de servicio - 29. Costos de algunas industrias extractivas</subfield>
  </datafield>
  <datafield tag="942" ind1=" " ind2=" ">
    <subfield code="c">BK</subfield>
  </datafield>
  <datafield tag="590" ind1=" " ind2=" ">
    <subfield code="a">niveau_biblio:m niveau_hierar:0</subfield>
  </datafield>
  <datafield tag="100" ind1="1" ind2=" ">
    <subfield code="a">Raimondi, Carlos A.</subfield>
  </datafield>
  <datafield tag="856" ind1="4" ind2="1">
    <subfield code="u">https://biblioeco.unsa.edu.ar/pmb/images/libros/Costos-l28360.jpg</subfield>
    <subfield code="y">Imagen de portada</subfield>
    <subfield code="q">image/jpeg</subfield>
  </datafield>
  <datafield tag="999" ind1=" " ind2=" ">
    <subfield code="c">1455</subfield>
    <subfield code="d">1455</subfield>
  </datafield>
  <datafield tag="952" ind1=" " ind2=" ">
    <subfield code="0">0</subfield>
    <subfield code="1">0</subfield>
    <subfield code="4">0</subfield>
    <subfield code="7">0</subfield>
    <subfield code="a">BCEJYS</subfield>
    <subfield code="b">BCEJYS</subfield>
    <subfield code="c">16</subfield>
    <subfield code="d">2026-04-07</subfield>
    <subfield code="l">0</subfield>
    <subfield code="o">657.47 R153</subfield>
    <subfield code="p">L28360</subfield>
    <subfield code="r">2026-04-07 15:55:43</subfield>
    <subfield code="w">2026-04-07</subfield>
    <subfield code="y">L</subfield>
  </datafield>
  <datafield tag="952" ind1=" " ind2=" ">
    <subfield code="0">0</subfield>
    <subfield code="1">0</subfield>
    <subfield code="4">0</subfield>
    <subfield code="7">0</subfield>
    <subfield code="a">BCEJYS</subfield>
    <subfield code="b">BCEJYS</subfield>
    <subfield code="c">16</subfield>
    <subfield code="d">2026-04-07</subfield>
    <subfield code="l">0</subfield>
    <subfield code="o">657.47 R153</subfield>
    <subfield code="p">L33027</subfield>
    <subfield code="r">2026-04-07 15:55:43</subfield>
    <subfield code="w">2026-04-07</subfield>
    <subfield code="y">L</subfield>
  </datafield>
  <datafield tag="952" ind1=" " ind2=" ">
    <subfield code="0">0</subfield>
    <subfield code="1">0</subfield>
    <subfield code="4">0</subfield>
    <subfield code="7">0</subfield>
    <subfield code="a">BCEJYS</subfield>
    <subfield code="b">BCEJYS</subfield>
    <subfield code="c">16</subfield>
    <subfield code="d">2026-04-07</subfield>
    <subfield code="l">0</subfield>
    <subfield code="o">657.47 R153</subfield>
    <subfield code="p">L119919</subfield>
    <subfield code="r">2026-04-07 15:55:43</subfield>
    <subfield code="w">2026-04-07</subfield>
    <subfield code="y">L</subfield>
  </datafield>
</record>
